000 00528nam a2200181Ia 4500
008 090123s9999 xx 000 0 und d
082 _b18664
100 _aपंडित बाळ
245 _aकसोटीचे क्षण
250 _a1
260 _bअंजली प्रकाशन
_c1990
300 _a165
600 _aपंडित बाळ
630 _aकसोटीचे क्षण
700 _aपंडित बाळ
730 _aकसोटीचे क्षण
942 _cBOOK
999 _c56727
_d56727